LEADER 00609naa a2200145 i 4500 001 000000303897 003 CaOOAMICUS 005 20180831172808.0 008 180831n xx u000 u und u 013 $a11677 040 $aSeMil$bita 100 1 $aGreisch, Jean,$d<1942- >.$0(OLS)http://semarc/name/3742 245 14$aLe «poème de l'histoire» :$bun modèle herméneutique de l'histoire . P. 141-172. 773 0 $tInterpréter.$dParis : Les Éditions du Cerf, 1992.$z2-204-04468-7$w()39646 996 $6245$aLe «poème de l'histoire» :$bun modèle herméneutique de l'histoire . P. 141-172.$9(OLS)http://semarc/title/379853 LEADER 01511nas a2200277 i 4500 001 000000224932 003 CaOOAMICUS 005 20140923000000.0 008 131010b2014 it uu u0 0ita r 013 $a203830 040 $aSeMil$bita 245 10$a[2013-2014]. 260 $aLeumann (Torino) :$bElledici,$c2013-2014. 300 $a1 v. (varie sequenze) ;$c24 cm. 773 0 $tCatechesi.$dTorino : SEI, 1932.$x0391-5433$w()2088 774 0 $tAll'inizio l'amore ; Pastorale di iniziazione.$w()280132 774 0 $tCatechesi, tra limite e peccato ; Pastorale di iniziazione.$w()280341 774 0 $t"Aspettare" o "uscire"? ; Pastorale di iniziazione.$w()280660 774 0 $tCatechesi di "Quaresima senza Pasqua"? ; Gioia e catechesi ; Adulti nella fede ; Famiglia e catechesi ; Esperienza e dottrina nella catechesi. - 80 p. - Titoli principali dalla copertina.$w()280661 774 0 $tAlla fine l'amore ; Evangelizzare oggi.$w()281442 774 0 $tCatechesi dei "mirabiliora" ; Generare alla vita della fede ; Famiglia e catechesi ; Corresponsabilità catechistica ; Evangelii Gaudium e nuove prospettive pastorali e catechistiche ; Fedeltà e impegno personale. - 80 p. - Tit. princ. dalla cop.$w()281096 850 $aSeMil 852 $aSeMil$W1$xVenegono$y1$m241 1 83$j175278$B175278$CSeMilBibl$Z2$F194694 $85 961 $aCambio: Scuola Cattolica 996 $6245$a[2013-2014]$9(OLS)http://semarc/title/314189 996 $6260$aLeumann (Torino) :$bElledici$9(OLS)http://semarc/publisher/31236